Nissan Cars 2024 - Statistics

General Stats
  • This quiz has been taken 33 times
  • The average score is 13 of 41
Answer Stats
Hint Answer % Correct
Sedan Altima
68%
Sports Car GTR
68%
SUV Rogue
68%
SUV Kicks
57%
SUV Pathfinder
54%
Sedan Sentra
54%
Sedan Almera/Versa
50%
Hatchback Micra
50%
SUV Murano
50%
Sports Car Z
50%
SUV Qashqai
46%
Pickup Truck Frontier
43%
SUV Juke
43%
SUV Patrol
39%
SUV Armada
36%
Pickup Truck Navara
36%
SUV X-Trail
36%
Hatchback Note
32%
Van NV200/Evalia
32%
SUV Terra/X-Terra
32%
Kei Car Dayz
29%
Minivan Elgrand
29%
Minivan Serena
29%
Sedan Skyline
29%
Hatchback Tiida
29%
SUV Ariya
25%
Hatchback Leaf
25%
Minivan Primastar
21%
Kei Car Sakura
21%
Sedan Sylphy
21%
Van Caravan/Urvan
18%
Minivan Livina
18%
Kei Car Roox
18%
Heavy Truck Atlas
14%
SUV Magnite
14%
Van AD
11%
MPV Townstar
7%
Heavy Truck Cabstar
4%
Van Interstar
4%
Pickup Truck NT100 Clipper
4%
Van NV100 Clipper
4%
No matching quizzes found
Score Distribution
Percent of People with Each Score
Percentile by Number Answered
Your Score History
You have not taken this quiz